004120000a22001210004500090001700000245012100017041001400138700003600152100003300188942001300221773003900234999001700273 aASbSeriadas10aVariación heterocromatica en proechimys semispinosus () de la región pacífica colombiana0 aEspañol1 aGómez Laverde, Marcela9931281 aBueno, Martha Lucía999108 cARTICULO1 tCaldasia345h2q333-340d1993g17 c14394d14394